Thomas Calculus (Record no. 594400)
[ view plain ]
| 000 -LEADER | |
|---|---|
| fixed length control field | 00373nam a22001577a 4500 |
| 020 ## - INTERNATIONAL STANDARD BOOK NUMBER | |
| International Standard Book Number | 9789332542426 |
| 040 ## - CATALOGING SOURCE | |
| Transcribing agency | NUST |
| 082 ## - DEWEY DECIMAL CLASSIFICATION NUMBER | |
| Classification number | 515 WEI |
| 100 ## - MAIN ENTRY--PERSONAL NAME | |
| Personal name | Hass, Joel |
| 110 ## - MAIN ENTRY--CORPORATE NAME | |
| Corporate name or jurisdiction name as entry element | Weir, Maurice D. |
| 9 (RLIN) | 111611 |
| 245 ## - TITLE STATEMENT | |
| Title | Thomas Calculus |
| 250 ## - EDITION STATEMENT | |
| Edition statement | 12th Edition |
| 260 ## - PUBLICATION, DISTRIBUTION, ETC. | |
| Place of publication, distribution, etc. | India: |
| Name of publisher, distributor, etc. | Pearson, |
| Date of publication, distribution, etc. | 2017. |
| 650 ## - SUBJECT ADDED ENTRY--TOPICAL TERM | |
| Topical term or geographic name entry element | DME.TEXTBOOK CALCULUS |
| 9 (RLIN) | 111612 |
| 942 ## - ADDED ENTRY ELEMENTS (KOHA) | |
| Source of classification or shelving scheme | |
| Koha item type | Text Books |
| Withdrawn status | Lost status | Source of classification or shelving scheme | Damaged status | Not for loan | Permanent Location | Current Location | Shelving location | Date acquired | Total Checkouts | Full call number | Barcode | Date last seen | Price effective from | Koha item type |
|---|---|---|---|---|---|---|---|---|---|---|---|---|---|---|
| College of Electrical & Mechanical Engineering (CEME) | College of Electrical & Mechanical Engineering (CEME) | Reference | 03/30/2023 | 515 WEI | CEME-48452 | 03/30/2023 | 03/30/2023 | Text Books | ||||||
| College of Electrical & Mechanical Engineering (CEME) | College of Electrical & Mechanical Engineering (CEME) | Reference | 03/30/2023 | 515 WEI | CEME-48453 | 03/30/2023 | 03/30/2023 | Text Books | ||||||
| College of Electrical & Mechanical Engineering (CEME) | College of Electrical & Mechanical Engineering (CEME) | Reference | 03/30/2023 | 515 WEI | CEME-48454 | 03/30/2023 | 03/30/2023 | Text Books | ||||||
| College of Electrical & Mechanical Engineering (CEME) | College of Electrical & Mechanical Engineering (CEME) | Reference | 03/30/2023 | 515 WEI | CEME-48455 | 03/30/2023 | 03/30/2023 | Text Books | ||||||
| College of Electrical & Mechanical Engineering (CEME) | College of Electrical & Mechanical Engineering (CEME) | Reference | 03/30/2023 | 515 WEI | CEME-48456 | 03/30/2023 | 03/30/2023 | Text Books |
